Sports Quiz

Random Sports or Football Quiz
Score 0/49 Timer 07:00
0 Plays Today
Year (Team) Wide Receiver % Correct
2007 (Lions)Calvin Johnson
97.2%
2003 (Texans)Andre Johnson
97%
2010 (Steelers)Antonio Brown
94.6%
2011 (Falcons)Julio Jones
94.5%
2014 (Buccaneers)Mike Evans
91.1%
2004 (Cardinals)Larry Fitzgerald
90.8%
1998 (Vikings)Randy Moss
90.4%
2008 (Eagles)DeSean Jackson
89.3%
2001 (Colts)Reggie Wayne
88.5%
2005 (Falcons)Roddy White
88.5%
2016 (Saints)Michael Thomas
87.4%
1985 (49ers)Jerry Rice
86.4%
2015 (Raiders)Amari Cooper
84.9%
1999 (Rams)Torry Holt
83.6%
1988 (Raiders)Tim Brown
83.2%
2012 (Colts)T.Y. Hilton
82.2%
2017 (Steelers)JuJu Smith-Schuster
78.7%
1996 (49ers)Terrell Owens
77.9%
1994 (Rams)Isaac Bruce
77.4%
2018 (Flacons)Clavin Ridley
75.3%
2009 (Steelers)Mike Wallace
72.3%
2013 (Texans)DeAndre Hopkins
69.6%
2006 (Broncos)Brandon Marshall
62.4%
2002 (Patriots)Deion Branch
53.5%
1972 (Raiders)Cliff Branch
53.4%
Year (Team) Wide Receiver % Correct
1992 (Cowboys)Jimmy Smith
50.8%
1997 (Titans)Derrick Mason
48.7%
1991 (Lions)Herman Moore
44%
1980 (Redskins)Art Monk
41.5%
2000 (Jets)Laveranues Coles
38.1%
1976 (Oilers)Steve Largent
38%
1982 (Dolphins)Mark Duper
33.1%
1984 (Patriots)Irving Fryar
31.4%
1974 (Steelers)John Stallworth
31.2%
1981 (Bengals)Cris Collinsworth
26.1%
1995 (Seahawks)Joey Galloway
26%
1978 (Packers)James Lofton
23.8%
1983 (Rams)Henry Ellard
22.6%
1989 (Colts)Andre Rison
18.7%
1971 (Eagles)Harold Carmichael
18.5%
1977 (Patriots)Stanley Morgan
15.3%
1979 (Rams)Drew Hill
13.5%
1993 (Bears)Curtis Conway
12%
1986 (Oilers)Ernest Givins
11.5%
1987 (Buccaneers)Mark Carrier
9.2%
1973 (Bengals)Isaac Curtis
5.5%
1990 (Cardinals)Ricky Proehl
3.5%
1970 (Saints)Ken Burrough
2.5%
1975 (Dolphins)Freddie Solomon
1.2%

You're not logged in!

Compare scores with friends on all Sporcle quizzes.
OR
Log In

Sporcle TV

Today on Sporcle TV


Watch our educational content, quiz creation guides, and fun videos on Sporcle TV.

Show Comments

Extras

Top Quizzes Today


Score Distribution

Paid Content

Your Account Isn't Verified!

In order to create a playlist on Sporcle, you need to verify the email address you used during registration. Go to your Sporcle Settings to finish the process.

Report this User

Report this user for behavior that violates our Community Guidelines.

Details: